Half-decent proposals (Record no. 69990)
[ view plain ]
| 000 -LEADER | |
|---|---|
| fixed length control field | 01281cam a2200277 4500 |
| 001 - CONTROL NUMBER | |
| control field | ABS65403 |
| 008 - FIXED-LENGTH DATA ELEMENTS--GENERAL INFORMATION | |
| fixed length control field | 020416n2002 000 0 eng u |
| 035 ## - SYSTEM CONTROL NUMBER | |
| System control number | (Sirsi) u117518 |
| 100 ## - MAIN ENTRY--PERSONAL NAME | |
| Personal name | Lloyd Holt, S |
| 245 ## - TITLE STATEMENT | |
| Title | Half-decent proposals |
| 260 ## - PUBLICATION, DISTRIBUTION, ETC. | |
| Date of publication, distribution, etc. | 2002 |
| 490 ## - SERIES STATEMENT | |
| Series statement | Estates Gazette |
| Volume/sequential designation | (0213) 30 March 2002, 94-95(2) |
| 520 ## - SUMMARY, ETC. | |
| Summary, etc. | The DTLR's proposals to reform the Landlord and Tenant Act 1954 have been welcomed, although some respondents have expressed concern over security of tenure and other general issues. Article considers the following key issues giving the DTLR's original proposals, revised proposals and author's comment: contracting out; terms of renewal; ownership and control of a business; termination and time limits; notices for requesting information; renewal procedures; and interim rent. The DTLR plans to use the Regulatory Reform Act 2001 to reform the 1954 Act and reforms could be in force by the spring of 2003. |
| 590 ## - LOCAL NOTE (RLIN) | |
| Local note | ABS |
| 650 ## - SUBJECT ADDED ENTRY--TOPICAL TERM | |
| Topical term or geographic name entry element | LANDLORD AND TENANT ACT 1954 |
| 650 ## - SUBJECT ADDED ENTRY--TOPICAL TERM | |
| Topical term or geographic name entry element | TIME LIMITS |
| 650 ## - SUBJECT ADDED ENTRY--TOPICAL TERM | |
| Topical term or geographic name entry element | TERMINATION |
| 650 ## - SUBJECT ADDED ENTRY--TOPICAL TERM | |
| Topical term or geographic name entry element | CONTRACTING OUT |
| 650 ## - SUBJECT ADDED ENTRY--TOPICAL TERM | |
| Topical term or geographic name entry element | RENEWAL |
| 650 ## - SUBJECT ADDED ENTRY--TOPICAL TERM | |
| Topical term or geographic name entry element | LEASES |
| 650 ## - SUBJECT ADDED ENTRY--TOPICAL TERM | |
| Topical term or geographic name entry element | INTERIM RENT |
| 650 ## - SUBJECT ADDED ENTRY--TOPICAL TERM | |
| Topical term or geographic name entry element | REFORM |
| 690 ## - LOCAL SUBJECT ADDED ENTRY--TOPICAL TERM (OCLC, RLIN) | |
| Topical term or geographic name as entry element | PROPERTY-LANDLORD AND TENANT |
| 700 ## - ADDED ENTRY--PERSONAL NAME | |
| Personal name | Colby, A |
| 942 ## - ADDED ENTRY ELEMENTS (KOHA) | |
| Suppress in OPAC | 0 |
| Withdrawn status | Lost status | Source of classification or shelving scheme | Damaged status | Not for loan | Home library | Current library | Shelving location | Date acquired | Total Checkouts | Full call number | Barcode | Date last seen | Copy number | Price effective from | Koha item type |
|---|---|---|---|---|---|---|---|---|---|---|---|---|---|---|---|
| Dewey Decimal Classification | London | London | Journal article | 16/04/2002 | ABS65403 | 117518-1001 | 06/08/2019 | 1 | 06/08/2019 | Journal article |